<?xml version="1.0" encoding="UTF-8"?>
<record
    xmlns:xsi="http://www.w3.org/2001/XMLSchema-instance"
    xsi:schemaLocation="http://www.loc.gov/MARC21/slim http://www.loc.gov/standards/marcxml/schema/MARC21slim.xsd"
    xmlns="http://www.loc.gov/MARC21/slim">

  <leader>02419cam a22002895a 4500</leader>
  <controlfield tag="001">18221114</controlfield>
  <controlfield tag="005">20151111140409.0</controlfield>
  <controlfield tag="008">140709t2015    paua   frb    001 0 eng d</controlfield>
  <datafield tag="020" ind1=" " ind2=" ">
    <subfield code="a">1451192002</subfield>
  </datafield>
  <datafield tag="020" ind1=" " ind2=" ">
    <subfield code="a">9781451192001 </subfield>
  </datafield>
  <datafield tag="040" ind1=" " ind2=" ">
    <subfield code="a">DNLM/DLC</subfield>
    <subfield code="c">DLC</subfield>
    <subfield code="d">EG-ScBUE</subfield>
    <subfield code="b">eng</subfield>
  </datafield>
  <datafield tag="082" ind1="0" ind2="4">
    <subfield code="a">613.04244</subfield>
    <subfield code="2">22</subfield>
    <subfield code="b">WOM</subfield>
  </datafield>
  <datafield tag="245" ind1="0" ind2="0">
    <subfield code="a">Women's health and wellness across the lifespan /</subfield>
    <subfield code="c">[edited by] Ellen F. Olshansky.</subfield>
  </datafield>
  <datafield tag="260" ind1=" " ind2=" ">
    <subfield code="a">Philadelphia :</subfield>
    <subfield code="b">Wolters Kluwer Heath, </subfield>
    <subfield code="c">c.2015. </subfield>
  </datafield>
  <datafield tag="300" ind1=" " ind2=" ">
    <subfield code="a">xiv, 369 p. :</subfield>
    <subfield code="b">ill. ;</subfield>
    <subfield code="c">23 cm.</subfield>
  </datafield>
  <datafield tag="490" ind1="0" ind2=" ">
    <subfield code="a">Nursing / women's health</subfield>
  </datafield>
  <datafield tag="500" ind1=" " ind2=" ">
    <subfield code="a">Index : p. 355-369.</subfield>
  </datafield>
  <datafield tag="504" ind1=" " ind2=" ">
    <subfield code="a">Includes bibliographical references.</subfield>
  </datafield>
  <datafield tag="505" ind1="0" ind2=" ">
    <subfield code="a">Introduction : holistic, lifespan approach to women's wellness as guiding framework / Ellen F. Olshansky -- Women's health in the 21st century / Ellen F. Olshansky -- Women's health : evolution of the science and clinical specialty / Nancy Fugate Woods, Versie Johnson-Mallard, Elizabeth A. Kostas-Polson, Diana Taylor, Judith A. Berg, Joan L.F. Shaver, Ellen F. Olshansky -- Puberty through early adulthood / Ruth Mielke, Karla Parsons, Cynthia Smith Greenberg -- Women at midlife / Judith A. Berg, Diana Taylor, Nancy Fugate Woods -- Healthy aging for women / Heather M. Young, Barbara B. Cochrane -- Wellness for special populations of women / Ellen F. Olshansky, Robynn Zender -- Body composition : enhancing health through exercise and nutrition / Robynn Zender -- Oral health / Madeleine M. Lloyd, Julia Lange Kessler -- Resilience in women / Anastasia Fisher, Diane C. Hatton, Ellen F. Olshansky -- Self-care : healing energy and other complementary therapies / Susan Thrane, Stephanie Deible, Susan M. Cohen -- Women and herbal medicine / Mahtab Jafari, Gabriel Orenstein -- Pharmacologic approaches to wellness and disease prevention in women over the lifespan / Diana N. Krause -- Healing arts : movement in the form of pilates / Diane Diefenderfer -- Healing environments / Nancy Lieberman Neudorf -- Healing relationships / Robynn Zender, Ellen F. Olshansky -- Promoting healthy sleep / Joan L. F. Shaver -- Peaceful dying / JoAnn Reifsnyder.</subfield>
  </datafield>
  <datafield tag="650" ind1=" " ind2="0">
    <subfield code="a">Women</subfield>
    <subfield code="2">BUEsh</subfield>
    <subfield code="x">Health and hygiene</subfield>
    <subfield code="9">5261</subfield>
  </datafield>
  <datafield tag="650" ind1=" " ind2="0">
    <subfield code="a">Women</subfield>
    <subfield code="2">BUEsh</subfield>
    <subfield code="x">Diseases</subfield>
  </datafield>
  <datafield tag="650" ind1=" " ind2="0">
    <subfield code="a">Age factors in disease.</subfield>
    <subfield code="2">BUEsh</subfield>
    <subfield code="9">33273</subfield>
  </datafield>
  <datafield tag="651" ind1=" " ind2=" ">
    <subfield code="2">BUEsh</subfield>
  </datafield>
  <datafield tag="653" ind1=" " ind2=" ">
    <subfield code="b">NNUR</subfield>
    <subfield code="c">August2015</subfield>
    <subfield code="c">November2015</subfield>
  </datafield>
  <datafield tag="700" ind1="1" ind2=" ">
    <subfield code="a">Olshansky, Ellen Frances,</subfield>
    <subfield code="d">1949- ,</subfield>
    <subfield code="e">editor.</subfield>
  </datafield>
  <datafield tag="942" ind1=" " ind2=" ">
    <subfield code="2">ddc</subfield>
    <subfield code="k">613.04244 WOM</subfield>
  </datafield>
  <datafield tag="999" ind1=" " ind2=" ">
    <subfield code="c">20535</subfield>
    <subfield code="d">20507</subfield>
  </datafield>
  <datafield tag="952" ind1=" " ind2=" ">
    <subfield code="0">0</subfield>
    <subfield code="1">0</subfield>
    <subfield code="2">ddc</subfield>
    <subfield code="4">0</subfield>
    <subfield code="7">0</subfield>
    <subfield code="8">Baccah</subfield>
    <subfield code="a">MAIN</subfield>
    <subfield code="b">MAIN</subfield>
    <subfield code="c">1ST</subfield>
    <subfield code="d">2015-08-17</subfield>
    <subfield code="e">Purchase</subfield>
    <subfield code="g">552.00</subfield>
    <subfield code="h">21764</subfield>
    <subfield code="l">2</subfield>
    <subfield code="o">613.04244 WOM</subfield>
    <subfield code="p">000030686</subfield>
    <subfield code="r">2025-07-15 00:00:00</subfield>
    <subfield code="s">2019-09-22</subfield>
    <subfield code="v">690.00</subfield>
    <subfield code="y">BB</subfield>
  </datafield>
  <datafield tag="952" ind1=" " ind2=" ">
    <subfield code="0">0</subfield>
    <subfield code="1">0</subfield>
    <subfield code="2">ddc</subfield>
    <subfield code="4">0</subfield>
    <subfield code="7">0</subfield>
    <subfield code="8">Baccah</subfield>
    <subfield code="a">MAIN</subfield>
    <subfield code="b">MAIN</subfield>
    <subfield code="c">1ST</subfield>
    <subfield code="d">2015-08-17</subfield>
    <subfield code="e">Purchase</subfield>
    <subfield code="g">552.00</subfield>
    <subfield code="h">21764</subfield>
    <subfield code="l">0</subfield>
    <subfield code="o">613.04244 WOM</subfield>
    <subfield code="p">000030782</subfield>
    <subfield code="r">2025-07-15 00:00:00</subfield>
    <subfield code="v">690.00</subfield>
    <subfield code="y">BB</subfield>
  </datafield>
</record>
